00631nam a22001457a 4500003000500000038001800005082000800023100002000031245023600051264003300287300002500320650004000345700004300385856005700428NUST aNusrat Nadeem a200 aSaghar, Hooryia aBuilding Bridges to Employee Productivity: Investigating the Interplay of Talent Management Practices, Psychological Safety, Person-Organization Fit, and Employee Performance in the Hospitality Sector of Pakistan/cHooryia Saghar,  aIslamabad;bNBS NUST;c2024. a158,p;bill;c30,cm. a MS- Management and Human Resource aSupervisor: Dr. Muhammed Zeeshan Mirza uhttp://10.250.8.41:8080/xmlui/handle/123456789/45335